Quiz o Polsce - Prawda czy Fałsz? - Statystyki

Ogólne statystyki
  • Ten quiz został rozwiązany 155 razy
  • Średni wynik to 6 z 10
Statystyki odpowiedzi
Zagadnienie Odpowiedź % Poprawnych
Drugą najdłuższą rzeką w Polsce jest Warta Fałsz
85%
Polska ma 6 sąsiadów Fałsz
85%
Kielce to Stolica województwa Świętokrzyskiego Prawda
85%
Gęstość zaludniena w Polsce wynosi 123/km² Prawda
75%
Wrocław to 3 miasto w Polsce pod względem wielkości Prawda
65%
Kiedyś Polska była drugim największym państwem w Europie Prawda
65%
Nowy sącz to 2 miasto pod względem wielkości w Małopolsce Fałsz
45%
Polska jest większa od Zimbabwe Fałsz
40%
Paragwaj jest większy niż Polska Prawda
40%
Polska była największa w 1610 roku Fałsz
25%
Nie znaleziono quizów pasujących do podanych kryteriów
Rozkład punktacji
Procent ludzi z każdym wynikiem
Percentyl według liczby udzielonych odpowiedzi
Twoja historia wyników
Nie rozwiązałeś tego quizu